| 000 | 00383nam a22001457a 4500 | ||
|---|---|---|---|
| 020 | _a978-0-7234-3649-2 | ||
| 082 | _a617.643,S15P | ||
| 100 | _aPAPADOPOULOS,MOSCHOS.A | ||
| 245 | _aSKELETAL ANCHORAGE IN ORTHODONTIC TREATMENT OF CLASS 2 MALOCCLUSION. | ||
| 250 | _a1ST | ||
| 260 |
_aEDINBURGH _bMOSBY (ELSEVIER) _c2015 |
||
| 300 | _a293 | ||
| 650 | _aORTHODONTICS | ||
| 942 |
_2ddc _cBK |
||
| 999 |
_c9909 _d9909 |
||